000 01042nam a2200205 i 4500
001 160861
003 ES-MaACL
005 20230906212137.0
008 970902s1900 sp a |||| | spa d
040 _aCLM
_bspa
_cCCPB | SIC
245 0 0 _aObservaciones del eclipse total de sol del 28 de mayo de 1900
_b: verificados en Plasencia por Comisión Oficial /
_cObservatorio Astronómico y Metereológico de Madrid.
260 _aMadrid :
_b[s.n.],
_c1900 (
_fEst. Tipográfico "Sucesores de Rivadeneyra")
300 _a43 p., [1] h. :
_bil. ;
_c24 cm.
530 _aDisponible también en sitio web.
650 0 4 _aEclipses solares-
_yS.XX.
_911993
710 2 _aObservatorio Astronómico de Madrid.
_96005
852 _aES-MaACL
_jT-1003-F-6
_z-- Enc. hol., conservando la cub. original
_z-- Enc. en un vol. facticio
852 _aES-MaACL
_jFol-Laf-210
_z-- Rúst.
_z-- Legado de Modesto de la Fuente
856 _uhttp://bibliotecadigitalhispanica.bne.es:80/webclient/DeliveryManager?pid=1677681&custom_att_2=simple_viewer
_zIr a la página
999 _c160861
_d160861